000
003330000a22001330004500
060
_a
100
082
_a
582.130 433 MAH
100
_a
Maheswari, P
245
_a
Introduction to the Embryology of angiosperms
260
_a
Newdelhi, Tata mc graw - hill publishing company limited
260
_c
1950
300
_a
453
942
_c
BK
999
_c
350074
_d
350074